Get the Picture: WWII Theaters Quiz Stats

 Plays Quiz Updated Apr 15, 2019

Score 0/18 Timer 03:00
9 Plays Today
Question Answer Wrong Answers
Battle of Britain Europe
96.5%
Pacific
1%
Africa
0.2%
Attack on Pearl Harbor Pacific
96.4%
Europe
1.2%
Africa
0.2%
Invasion of Normandy Europe
96.4%
Pacific
1.3%
Africa
0.1%
Battle of Stalingrad Europe
96%
Pacific
1.1%
Africa
0.5%
Battle of Alam el Halfa Africa
92.8%
Pacific
2.3%
Europe
2.6%
Battle of Wake Island Pacific
91.2%
Europe
5.2%
Africa
1.1%
First Battle of El-Alamein Africa
91.1%
Pacific
1.7%
Europe
5.1%
Tunisian Campaign Africa
90.8%
Pacific
2.7%
Europe
4.1%
Aleutian Islands Campaign Pacific
89.4%
Europe
5.7%
Africa
2.5%
Battle of Kursk Europe
87.5%
Pacific
3.8%
Africa
6.4%
Battle of Midway Pacific
86.4%
Europe
10.1%
Africa
1%
Guadalcanal Campaign Pacific
85.5%
Europe
3.9%
Africa
8.1%
Naval Battle of Casablanca Africa
78.7%
Pacific
7.4%
Europe
11.7%
Battle of Tripoli Africa
77.7%
Pacific
4.7%
Europe
15.1%
Battle of Gazala Africa
76.9%
Pacific
10.7%
Europe
10%
Battle of Nibeiwa Africa
75.5%
Pacific
19.6%
Europe
2.5%
Battle of Luzon Pacific
49.5%
Europe
33.4%
Africa
14.7%
Battle of Sedan Europe
37.4%
Pacific
6.5%
Africa
53.8%

Today's Daily Dose

Word Ladder
Lean on Me

Get the Picture
Superhero by Villain

You're not logged in!

Compare scores with friends on all Sporcle quizzes.
OR
Log In

Sporcle TV

Today on Sporcle TV


Watch our educational content, quiz creation guides, and fun videos on Sporcle TV.

Show Comments

Extras

Top Quizzes Today


Score Distribution

Your Account Isn't Verified!

In order to create a playlist on Sporcle, you need to verify the email address you used during registration. Go to your Sporcle Settings to finish the process.

Report this User

Report this user for behavior that violates our Community Guidelines.

Details: